Aircraft Performance & Design / (Record no. 17078)
[ view plain ]
| 000 -LEADER | |
|---|---|
| fixed length control field | 00584 am a22001938a 4500 |
| 001 - CONTROL NUMBER | |
| control field | 009045871 |
| 005 - DATE AND TIME OF LATEST TRANSACTION | |
| control field | 20121018131605.0 |
| 008 - FIXED-LENGTH DATA ELEMENTS--GENERAL INFORMATION | |
| fixed length control field | 990308s1999 enk || 000 ||eng |
| 020 ## - INTERNATIONAL STANDARD BOOK NUMBER | |
| International Standard Book Number | 0071160108 (pbk) : |
| 082 04 - DEWEY DECIMAL CLASSIFICATION NUMBER | |
| Classification number | 629.132 |
| Edition number | 22 |
| Item number | AND |
| 100 1# - MAIN ENTRY--PERSONAL NAME | |
| Personal name | Anderson, John. |
| 9 (RLIN) | 31189 |
| 245 10 - TITLE STATEMENT | |
| Title | Aircraft Performance & Design / |
| Statement of responsibility, etc | by John D. Anderson |
| 260 ## - PUBLICATION, DISTRIBUTION, ETC. (IMPRINT) | |
| Place of publication, distribution, etc | London : |
| Name of publisher, distributor, etc | McGraw-Hill, |
| Date of publication, distribution, etc | 1999. |
| 300 ## - PHYSICAL DESCRIPTION | |
| Extent | 280 p. : |
| Other physical details | ill. ; |
| Dimensions | 24 cm. |
| 650 #0 - SUBJECT ADDED ENTRY--TOPICAL TERM | |
| Topical term or geographic name as entry element | Airplanes |
| General subdivision | Design and construction. |
| 9 (RLIN) | 31190 |
| 650 #0 - SUBJECT ADDED ENTRY--TOPICAL TERM | |
| Topical term or geographic name as entry element | Airplanes |
| General subdivision | Perfomance. |
| 9 (RLIN) | 31191 |
| 653 ## - INDEX TERM--UNCONTROLLED | |
| Resource For college | |
| Arrived date list | October2012 |
| 942 ## - ADDED ENTRY ELEMENTS (KOHA) | |
| Source of classification or shelving scheme | Dewey Decimal Classification |
| Item type | Book - Borrowing |
| Withdrawn status | Item status | Source of classification or shelving scheme | Damaged status | Not for loan | Vendor | Home library | Current library | Shelving location | Date acquired | Source of acquisition | Cost, normal purchase price | Serial Enumeration / chronology | Total Checkouts | Total Renewals | Full call number | Barcode | Date last seen | Date last borrowed | Koha item type |
|---|---|---|---|---|---|---|---|---|---|---|---|---|---|---|---|---|---|---|---|
| Dewey Decimal Classification | Baccah | Central Library | Central Library | First floor | 18/10/2012 | 190.00 | 12 | 4 | 23 | 629.132 AND | 000027711 | 15/07/2025 | 13/03/2018 | Book - Borrowing | |||||
| Dewey Decimal Classification | Baccah | Central Library | Central Library | First floor | 18/10/2012 | 190.00 | 12 | 3 | 16 | 629.132 AND | 000027712 | 15/07/2025 | 14/03/2018 | Book - Borrowing | |||||
| Dewey Decimal Classification | Baccah | Central Library | Central Library | First floor | 18/10/2012 | 190.00 | 12 | 4 | 9 | 629.132 AND | 000027713 | 15/07/2025 | 21/03/2017 | Book - Borrowing |